<?xml version="1.0" encoding="UTF-8"?>
<record
    xmlns:xsi="http://www.w3.org/2001/XMLSchema-instance"
    xsi:schemaLocation="http://www.loc.gov/MARC21/slim http://www.loc.gov/standards/marcxml/schema/MARC21slim.xsd"
    xmlns="http://www.loc.gov/MARC21/slim">

  <leader>02221nam2a22003131  4500</leader>
  <controlfield tag="001">v19\rc\1606725</controlfield>
  <controlfield tag="005">20260406143408.0</controlfield>
  <datafield tag="035" ind1=" " ind2=" ">
    <subfield code="a">(NLR Aleph) 005238697</subfield>
  </datafield>
  <datafield tag="090" ind1=" " ind2=" ">
    <subfield code="a">5681535</subfield>
    <subfield code="c">5681535</subfield>
  </datafield>
  <datafield tag="100" ind1=" " ind2=" ">
    <subfield code="a">20061002d1896    |||y0rusy50      ca</subfield>
  </datafield>
  <datafield tag="101" ind1="0" ind2=" ">
    <subfield code="a">rus</subfield>
  </datafield>
  <datafield tag="102" ind1=" " ind2=" ">
    <subfield code="a">RU</subfield>
  </datafield>
  <datafield tag="105" ind1=" " ind2=" ">
    <subfield code="a">y   z   |||||</subfield>
  </datafield>
  <datafield tag="200" ind1="1" ind2=" ">
    <subfield code="a">&#x417;&#x430;&#x43F;&#x430;&#x434;&#x43D;&#x44B;&#x439; &#x438;&#x43B;&#x438; &#x41B;&#x44E;&#x431;&#x43B;&#x438;&#x43D;&#x441;&#x43A;&#x438;&#x439; &#x440;&#x430;&#x439;&#x43E;&#x43D;</subfield>
    <subfield code="e">(&#x43C;&#x435;&#x436;&#x434;&#x443; &#x440;&#x435;&#x43A;&#x430;&#x43C;&#x438; &#x412;&#x438;&#x441;&#x43B;&#x43E;&#x44E; &#x438; &#x417;&#x430;&#x43F;&#x430;&#x434;&#x43D;&#x44B;&#x43C; &#x411;&#x443;&#x433;&#x43E;&#x43C; &#x43E;&#x442; &#x430;&#x432;&#x441;&#x442;&#x440;&#x438;&#x439;&#x441;&#x43A;&#x43E;&#x439; &#x433;&#x440;&#x430;&#x43D;&#x438;&#x446;&#x44B; &#x434;&#x43E; &#x43B;&#x438;&#x43D;&#x438;&#x438; &#x418;&#x432;&#x430;&#x43D;&#x433;&#x43E;&#x440;&#x43E;&#x434; - &#x41B;&#x443;&#x43A;&#x43E;&#x432;, &#x411;&#x440;&#x435;&#x441;&#x442;-&#x41B;&#x438;&#x442;&#x43E;&#x432;&#x441;&#x43A;)</subfield>
    <subfield code="f">&#x441;&#x43E;&#x441;&#x442;&#x430;&#x432;&#x438;&#x43B; &#x413;&#x435;&#x43D;. &#x448;&#x442;&#x430;&#x431;&#x430; &#x43F;&#x43E;&#x434;&#x43F;&#x43E;&#x43B;&#x43A;. &#x413;&#x440;. &#x42F;&#x43D;&#x443;&#x448;&#x435;&#x432;&#x441;&#x43A;&#x438;&#x439;</subfield>
    <subfield code="g">&#x43F;&#x43E;&#x434; &#x440;&#x443;&#x43A;&#x43E;&#x432;&#x43E;&#x434;&#x441;&#x442;&#x432;&#x43E;&#x43C; &#x43D;&#x430;&#x447;. &#x428;&#x442;&#x430;&#x431;&#x430; &#x412;&#x430;&#x440;&#x448;&#x430;&#x432;&#x441;&#x43A;. &#x432;&#x43E;&#x435;&#x43D;. &#x43E;&#x43A;&#x440;&#x443;&#x433;&#x430; &#x433;&#x435;&#x43D;.-&#x43B;&#x435;&#x439;&#x442;. &#x41F;&#x443;&#x437;&#x44B;&#x440;&#x435;&#x432;&#x441;&#x43A;&#x43E;&#x433;&#x43E;</subfield>
  </datafield>
  <datafield tag="210" ind1=" " ind2=" ">
    <subfield code="d">1896</subfield>
    <subfield code="a">&#x411;. &#x43C;.</subfield>
  </datafield>
  <datafield tag="215" ind1=" " ind2=" ">
    <subfield code="a">[4], XII, 629, [176] &#x441;.</subfield>
  </datafield>
  <datafield tag="316" ind1=" " ind2=" ">
    <subfield code="a">&#x42D;&#x43A;&#x437;. &#x420;&#x41D;&#x411; &#x43D;&#x430; &#x448;&#x438;&#x444;&#x440;&#x435; 32-19/904 &#x441; &#x44D;&#x43A;&#x441;&#x43B;&#x438;&#x431;&#x440;&#x438;&#x441;&#x43E;&#x43C; &#x411;&#x438;&#x431;&#x43B;&#x438;&#x43E;&#x442;&#x435;&#x43A;&#x438; &#x41D;&#x438;&#x43A;&#x43E;&#x43B;&#x430;&#x44F; II: &#x43C;&#x43E;&#x43D;&#x43E;&#x433;&#x440;&#x430;&#x43C;&#x43C;&#x430; "&#x41D;. &#x410;."</subfield>
    <subfield code="5">NLR:32-19/904</subfield>
  </datafield>
  <datafield tag="461" ind1=" " ind2="0">
    <subfield code="1">001v19\rc\1606724</subfield>
    <subfield code="1">2001#$a&#x42E;&#x436;&#x43D;&#x44B;&#x439; &#x444;&#x440;&#x43E;&#x43D;&#x442; &#x412;&#x430;&#x440;&#x448;&#x430;&#x432;&#x441;&#x43A;&#x43E;&#x433;&#x43E; &#x432;&#x43E;&#x435;&#x43D;&#x43D;&#x43E;&#x433;&#x43E; &#x43E;&#x43A;&#x440;&#x443;&#x433;&#x430;$f&#x441;&#x43E;&#x441;&#x442;&#x430;&#x432;&#x438;&#x43B; &#x413;&#x435;&#x43D;. &#x448;&#x442;&#x430;&#x431;&#x430; &#x43F;&#x43E;&#x434;&#x43F;&#x43E;&#x43B;&#x43A;. &#x413;&#x440;. &#x42F;&#x43D;&#x443;&#x448;&#x435;&#x432;&#x441;&#x43A;&#x438;&#x439;$v1</subfield>
    <subfield code="9">5681527</subfield>
    <subfield code="a">&#x42F;&#x43D;&#x443;&#x448;&#x435;&#x432;&#x441;&#x43A;&#x438;&#x439;, &#x413;. &#x415;. (1861-1928)</subfield>
    <subfield code="c">&#x412;&#x430;&#x440;&#x448;&#x430;&#x432;&#x430;</subfield>
    <subfield code="d">1896</subfield>
    <subfield code="f">&#x441;&#x43E;&#x441;&#x442;&#x430;&#x432;&#x438;&#x43B; &#x413;&#x435;&#x43D;. &#x448;&#x442;&#x430;&#x431;&#x430; &#x43F;&#x43E;&#x434;&#x43F;&#x43E;&#x43B;&#x43A;. &#x413;&#x440;. &#x42F;&#x43D;&#x443;&#x448;&#x435;&#x432;&#x441;&#x43A;&#x438;&#x439;</subfield>
    <subfield code="n">&#x442;&#x438;&#x43F;&#x43E;&#x433;&#x440;&#x430;&#x444;&#x438;&#x44F; &#x41E;&#x43A;&#x440;&#x443;&#x436;&#x43D;&#x43E;&#x433;&#x43E; &#x448;&#x442;&#x430;&#x431;&#x430;</subfield>
    <subfield code="t">&#x42E;&#x436;&#x43D;&#x44B;&#x439; &#x444;&#x440;&#x43E;&#x43D;&#x442; &#x412;&#x430;&#x440;&#x448;&#x430;&#x432;&#x441;&#x43A;&#x43E;&#x433;&#x43E; &#x432;&#x43E;&#x435;&#x43D;&#x43D;&#x43E;&#x433;&#x43E; &#x43E;&#x43A;&#x440;&#x443;&#x433;&#x430;</subfield>
    <subfield code="v">1</subfield>
  </datafield>
  <datafield tag="517" ind1="0" ind2=" ">
    <subfield code="a">&#x41C;&#x435;&#x436;&#x434;&#x443; &#x440;&#x435;&#x43A;&#x430;&#x43C;&#x438; &#x412;&#x438;&#x441;&#x43B;&#x43E;&#x44E; &#x438; &#x417;&#x430;&#x43F;&#x430;&#x434;&#x43D;&#x44B;&#x43C; &#x411;&#x443;&#x433;&#x43E;&#x43C; &#x43E;&#x442; &#x430;&#x432;&#x441;&#x442;&#x440;&#x438;&#x439;&#x441;&#x43A;&#x43E;&#x439; &#x433;&#x440;&#x430;&#x43D;&#x438;&#x446;&#x44B; &#x434;&#x43E; &#x43B;&#x438;&#x43D;&#x438;&#x438; &#x418;&#x432;&#x430;&#x43D;&#x433;&#x43E;&#x440;&#x43E;&#x434; - &#x41B;&#x443;&#x43A;&#x43E;&#x432;, &#x411;&#x440;&#x435;&#x441;&#x442;-&#x41B;&#x438;&#x442;&#x43E;&#x432;&#x441;&#x43A;</subfield>
  </datafield>
  <datafield tag="620" ind1=" " ind2=" ">
    <subfield code="a">PL</subfield>
  </datafield>
  <datafield tag="702" ind1=" " ind2="0">
    <subfield code="4">390</subfield>
    <subfield code="8">rus</subfield>
    <subfield code="7">ca</subfield>
    <subfield code="a">&#x41D;&#x438;&#x43A;&#x43E;&#x43B;&#x430;&#x439;</subfield>
    <subfield code="c">&#x438;&#x43C;&#x43F;&#x435;&#x440;&#x430;&#x442;&#x43E;&#x440; &#x440;&#x43E;&#x441;&#x441;&#x438;&#x439;&#x441;&#x43A;&#x438;&#x439;</subfield>
    <subfield code="d">II</subfield>
    <subfield code="f">1868-1918</subfield>
    <subfield code="3">RU\NLR\AUTH\773750</subfield>
    <subfield code="9">113742</subfield>
  </datafield>
  <datafield tag="702" ind1=" " ind2="1">
    <subfield code="4">220</subfield>
    <subfield code="8">rus</subfield>
    <subfield code="7">ca</subfield>
    <subfield code="a">&#x41F;&#x443;&#x437;&#x44B;&#x440;&#x435;&#x432;&#x441;&#x43A;&#x438;&#x439;</subfield>
    <subfield code="b">&#x410;. &#x41A;.</subfield>
    <subfield code="f">1845-1904</subfield>
    <subfield code="g">&#x410;&#x43B;&#x435;&#x43A;&#x441;&#x430;&#x43D;&#x434;&#x440; &#x41A;&#x430;&#x437;&#x438;&#x43C;&#x438;&#x440;&#x43E;&#x432;&#x438;&#x447;</subfield>
    <subfield code="3">RU\NLR\AUTH\7788771</subfield>
    <subfield code="9">71699</subfield>
  </datafield>
  <datafield tag="801" ind1=" " ind2="0">
    <subfield code="a">RU</subfield>
    <subfield code="b">NLR</subfield>
    <subfield code="c">20061002</subfield>
    <subfield code="g">psbo</subfield>
  </datafield>
  <datafield tag="801" ind1=" " ind2="0">
    <subfield code="a">RU</subfield>
    <subfield code="b">RuMoRGB</subfield>
    <subfield code="c">20061002</subfield>
    <subfield code="2">psbo</subfield>
  </datafield>
  <datafield tag="801" ind1=" " ind2="1">
    <subfield code="a">RU</subfield>
    <subfield code="b">ProSoft-M</subfield>
    <subfield code="c">20061002</subfield>
    <subfield code="2">rusmarc</subfield>
  </datafield>
  <datafield tag="801" ind1=" " ind2="2">
    <subfield code="a">RU</subfield>
    <subfield code="b">NLR</subfield>
    <subfield code="c">20100602</subfield>
    <subfield code="2">rusmarc</subfield>
  </datafield>
  <datafield tag="852" ind1=" " ind2=" ">
    <subfield code="a">NLR</subfield>
    <subfield code="j">32-19/904</subfield>
  </datafield>
  <datafield tag="942" ind1=" " ind2=" ">
    <subfield code="c">BOOK</subfield>
  </datafield>
  <datafield tag="980" ind1=" " ind2=" ">
    <subfield code="a">NB</subfield>
  </datafield>
  <datafield tag="995" ind1=" " ind2=" ">
    <subfield code="5">2013-10-26</subfield>
    <subfield code="b">NLR02</subfield>
    <subfield code="c">NLR02</subfield>
    <subfield code="e">RFS</subfield>
    <subfield code="f">5238697-10</subfield>
    <subfield code="k">32-19/904</subfield>
    <subfield code="o">0</subfield>
    <subfield code="r">BOOK</subfield>
    <subfield code="s">3219904_</subfield>
  </datafield>
</record>
